Welcome to CU Library Online Public Access Catalogue (OPAC)

MODERN DICTIONARY OF ECO-ENVIRONMENT (Record no. 1299)

MARC details
000 -LEADER
fixed length control field 00374nam a22001457a 4500
005 - DATE AND TIME OF LATEST TRANSACTION
control field 20241118162654.0
008 - FIXED-LENGTH DATA ELEMENTS--GENERAL INFORMATION
fixed length control field 241118b |||||||| |||| 00| 0 eng d
020 ## - INTERNATIONAL STANDARD BOOK NUMBER
International Standard Book Number 8127206377
050 ## - LIBRARY OF CONGRESS CALL NUMBER
Classification number QH540.
Item number 4 SAG
100 ## - MAIN ENTRY--PERSONAL NAME
Personal name SAGWAL, S.S
245 ## - TITLE STATEMENT
Title MODERN DICTIONARY OF ECO-ENVIRONMENT
260 ## - PUBLICATION, DISTRIBUTION, ETC.
Place of publication, distribution, etc. NEW DELHI
Name of publisher, distributor, etc. KALYANI PUBLISHERS
Date of publication, distribution, etc. c2002
300 ## - PHYSICAL DESCRIPTION
Extent 284p
942 ## - ADDED ENTRY ELEMENTS (KOHA)
Source of classification or shelving scheme Library of Congress Classification
Koha item type Books
Suppress in OPAC No
999 ## -
-- 1299
-- 1299
Holdings
Withdrawn status Lost status Source of classification or shelving scheme Damaged status Not for loan Collection Home library Current library Shelving location Date acquired Total checkouts Full call number Barcode Date last seen Copy number Price effective from Koha item type
    Library of Congress Classification     Non-fiction Undergraduate Library (Christ Temple) Undergraduate Library (Christ Temple) General stacks 11/18/2024   QH540.4 SAG ulct00000327 11/18/2024 5 11/18/2024 Books
    Library of Congress Classification     Non-fiction Undergraduate Library (Christ Temple) Undergraduate Library (Christ Temple) General stacks 11/18/2024   QH540.4 SAG ulct00000328 11/18/2024 6 11/18/2024 Books
    Library of Congress Classification     Non-fiction Undergraduate Library (Christ Temple) Undergraduate Library (Christ Temple) General stacks 11/18/2024   QH540.4 SAG ulct00000329 11/18/2024 7 11/18/2024 Books
    Library of Congress Classification     Non-fiction Undergraduate Library (Christ Temple) Undergraduate Library (Christ Temple) General stacks 11/18/2024   QH540.4 SAG ulct00000330 11/18/2024 8 11/18/2024 Books
    Library of Congress Classification     Non-fiction Undergraduate Library (Christ Temple) Undergraduate Library (Christ Temple) General stacks 11/18/2024   QH540.4 SAG ulct00000331 11/18/2024 9 11/18/2024 Books
© 2023-2024 Copyright: Central University Libraries. All Rights Reserved | Created by: Mahone Tech Office